Ne kožušok, a mene rjatujte

Bibliographic Details
Main Author: Jackanin, Ivan, 1950- (Author)
Format: Article
Language:Ukrainian
Subjects:

MARC

LEADER 00000nab a2200000 a 4500
001 vtls008998392
003 SK-MaSNL
005 20260303065842.0
008 190503c2007 xo mr p 000 c0ukr
015 |a SNBRB2007/06 
038 |a SVKPOCL 
040 |a SVKPOCL  |b slo  |c AACR2  |e AACR2 
041 0 |a ukr 
044 |a xo  |c SK 
080 |a 821.161.2 (437.6)-32=161.2  |2 2001 
080 |a 821.161.2 (437.6)-93=161.2  |2 2001 
100 1 |a Jackanin, Ivan,  |d 1950-  |4 aut  |9 103637 
245 1 0 |a Ne kožušok, a mene rjatujte  |c Ivan Jackanyn 
500 |a Pokračovanie 
650 0 7 |a literatúra pre deti a mládež  |2 svkpocl  |9 21893 
655 7 |a ukrajinské novely  |2 snkbucl  |9 21114 
773 0 |t Veselka  |g Rič. [56], č. 9 (2006/2007), s. 5 
852 |a SVKPO  |b KIS3GCP 
958 |a UK 
958 |a LX 
958 |a SK 
999 |c 1752992  |d 1754922